| 000 | 00503nam a22001697a 4500 | ||
|---|---|---|---|
| 003 | PILC | ||
| 005 | 20150305093522.0 | ||
| 008 | 150305b xxu||||| |||| 00| 0 eng d | ||
| 020 | _a9789814403245 | ||
| 050 |
_aQA 43 _b.C515 2013 |
||
| 100 | _aChee, Lois. | ||
| 245 |
_aA-level H2 maths : _btopical practice / _cLois Chee. |
||
| 260 |
_aSingapore : _bEducational Publishing House Pte. Ltd., _cc2013. |
||
| 300 |
_a630 pages : _billustrations ; _c25 cm. |
||
| 521 | _aGeneral Education | ||
| 942 |
_2lcc _cBK |
||
| 999 |
_c283726 _d283726 |
||